00479 2200193 4500245004400000020002200044250001100066100001900077700001200096700002100108650001700129005001900146260004100165041001400206084001300220300003200233336000900265338001100274 aBeelzebub Vol. 20cTamura, RyuheihText a978-602-02-6264-2 aCet. 1 aTamura, Ryuhei aBinarti aAnindhita Raghia aKomik Jepang a20230206111320 aJakartabElex Media Komputindoc2015 aIndonesia a741.5592 a... jil. :bilus. ;c17 cm. atext avolume